000 00987nam a22002417a 4500
999 _c304
_d304
003 AR-CdUCM
008 190222b ||||| |||| 00| 0 spa d
040 _aMUNICIPALIDAD PROVINCIAL DEL CUSCO
_cBIBLIOTECA MUNICIPAL DEL CUSCO
041 _heng
082 _a828.75 /
_bG74
100 _aGordon Byron, Jorge Noel
_91247
245 _aDon Juan /
_cLord Byron /
260 _aMadrid :
_bMediterráneo,
_c1966.
300 _a248 paginas ;
_c19 cm.
505 _aNecesitaba un héroe -- El resultado inmediato de esta primera aventura de Don Juan -- Hemos dejado a Don Juan dormido sobre un seno blanco y feliz -- Nada hay tan difícil en poesía -- En el mercado se veía una multitud de temblorosos esclavos de todas las edades, orígenes y sexo ...
650 _aLiteratura Inglesa
_91248
650 _aPoeta Ingles
_91249
650 _aRomanticismo
_9398
650 _aObra
_91250
650 _aSentimiento Personal
_91251
942 _2ddc
_cLIBROS
945 _aacv
_d2019-02-22